000 00302nam a22001097a 4500
008 160511b xxu||||| |||| 00| 0 eng d
020 _a0871202115
041 _aeng
080 _a316.77
245 _aThe case for constructivist classrooms:
_cJacqueline Grennon Brooks; Martin G. Brooks;
942 _2udc
_cBK
999 _c2041
_d2041